| 000 | 01175cam a2200325 a 4500 | ||
|---|---|---|---|
| 001 | 000012035 | ||
| 005 | 20260429105033.0 | ||
| 008 | 910831s1991 mx b 000 0 spa | ||
| 020 | _a9686101160 | ||
| 035 | _a(DLC) 91190760 | ||
| 040 |
_aDO-SdBNP _cDLC _dBNPHU |
||
| 050 | 0 | 0 |
_aHE8699.M4 _bR65 1991 |
| 082 |
_a384.54 _bR766ó |
||
| 100 | 1 |
_aRomo, Cristina. _928464 |
|
| 245 | 1 | 0 |
_aOndas, canales y mensajes : _bun perfil de la radio en México / _cCristina Romo. |
| 260 |
_aGuadalajara : _bITESO : _bDepartamento de Extensión Universitaria, _cc1991. |
||
| 300 |
_a141 p. ; _c21 cm. |
||
| 500 | _aPrimera reimpresión del año 1993. | ||
| 504 | _aIncluye referencias bibliográficas y notas al pie de las páginas. | ||
| 650 | 4 |
_aRadiodifusión _928465 |
|
| 650 | 0 |
_aRADIO _zMÉXICO _928466 |
|
| 650 | 4 |
_aSistematización de la información _928467 |
|
| 650 | 4 |
_aDocumentación _928468 |
|
| 650 | 4 |
_aComunicación masiva _928469 |
|
| 650 | 4 |
_aInvestigación de la comunicación _928470 |
|
| 650 | 4 |
_aRadio en el desarrollo de la comunidad _928471 |
|
| 650 | 4 |
_aRadiodifusión _xAspectos sociales _928472 |
|
| 910 | _aCatalogación por copia / LC | ||
| 049 | _aBNGR | ||
| 999 |
_c11703 _d11703 |
||